|
|
|
|
| LEADER |
02906nam a2200577 4500 |
| 001 |
978-3-540-48969-6 |
| 003 |
DE-He213 |
| 005 |
20191024032541.0 |
| 007 |
cr nn 008mamaa |
| 008 |
121227s1999 gw | s |||| 0|eng d |
| 020 |
|
|
|a 9783540489696
|9 978-3-540-48969-6
|
| 024 |
7 |
|
|a 10.1007/3-540-48969-X
|2 doi
|
| 040 |
|
|
|d GrThAP
|
| 050 |
|
4 |
|a QA76.9.D335
|
| 072 |
|
7 |
|a GPJ
|2 bicssc
|
| 072 |
|
7 |
|a COM053000
|2 bisacsh
|
| 072 |
|
7 |
|a GPJ
|2 thema
|
| 072 |
|
7 |
|a URY
|2 thema
|
| 082 |
0 |
4 |
|a 005.82
|2 23
|
| 245 |
1 |
0 |
|a Lectures on Data Security
|h [electronic resource] :
|b Modern Cryptology in Theory and Practice /
|c edited by Ivan Damgard.
|
| 250 |
|
|
|a 1st ed. 1999.
|
| 264 |
|
1 |
|a Berlin, Heidelberg :
|b Springer Berlin Heidelberg :
|b Imprint: Springer,
|c 1999.
|
| 300 |
|
|
|a 250 p.
|b online resource.
|
| 336 |
|
|
|a text
|b txt
|2 rdacontent
|
| 337 |
|
|
|a computer
|b c
|2 rdamedia
|
| 338 |
|
|
|a online resource
|b cr
|2 rdacarrier
|
| 347 |
|
|
|a text file
|b PDF
|2 rda
|
| 490 |
1 |
|
|a Lecture Notes in Computer Science,
|x 0302-9743 ;
|v 1561
|
| 505 |
0 |
|
|a Practice-Oriented Provable-Security -- to Secure Computation -- Commitment Schemes and Zero-Knowledge Protocols -- Emerging Standards for Public-Key Cryptography -- Contemporary Block Ciphers -- Primality Tests and Use of Primes in Public Key Systems -- Signing Contracts and Paying Electronically -- The State of Cryptographic Hash Functions -- The Search for the Holy Grail in Quantum Cryptography -- Unconditional Security in Cryptography.
|
| 650 |
|
0 |
|a Data encryption (Computer science).
|
| 650 |
|
0 |
|a Algorithms.
|
| 650 |
|
0 |
|a Operating systems (Computers).
|
| 650 |
|
0 |
|a Computer communication systems.
|
| 650 |
|
0 |
|a Computer science-Mathematics.
|
| 650 |
1 |
4 |
|a Cryptology.
|0 http://scigraph.springernature.com/things/product-market-codes/I28020
|
| 650 |
2 |
4 |
|a Algorithm Analysis and Problem Complexity.
|0 http://scigraph.springernature.com/things/product-market-codes/I16021
|
| 650 |
2 |
4 |
|a Operating Systems.
|0 http://scigraph.springernature.com/things/product-market-codes/I14045
|
| 650 |
2 |
4 |
|a Computer Communication Networks.
|0 http://scigraph.springernature.com/things/product-market-codes/I13022
|
| 650 |
2 |
4 |
|a Algorithms.
|0 http://scigraph.springernature.com/things/product-market-codes/M14018
|
| 650 |
2 |
4 |
|a Discrete Mathematics in Computer Science.
|0 http://scigraph.springernature.com/things/product-market-codes/I17028
|
| 700 |
1 |
|
|a Damgard, Ivan.
|e editor.
|4 edt
|4 http://id.loc.gov/vocabulary/relators/edt
|
| 710 |
2 |
|
|a SpringerLink (Online service)
|
| 773 |
0 |
|
|t Springer eBooks
|
| 776 |
0 |
8 |
|i Printed edition:
|z 9783662185360
|
| 776 |
0 |
8 |
|i Printed edition:
|z 9783540657576
|
| 830 |
|
0 |
|a Lecture Notes in Computer Science,
|x 0302-9743 ;
|v 1561
|
| 856 |
4 |
0 |
|u https://doi.org/10.1007/3-540-48969-X
|z Full Text via HEAL-Link
|
| 912 |
|
|
|a ZDB-2-SCS
|
| 912 |
|
|
|a ZDB-2-LNC
|
| 912 |
|
|
|a ZDB-2-BAE
|
| 950 |
|
|
|a Computer Science (Springer-11645)
|